000 00576cam a22001814a 4500
005 20250605164402.0
008 250528s ||||||||||||||||||||||||d
035 _a24613
040 _aGR-AtMCL
_bgre
_dGR-AtMCL
_eAACR2
245 1 _aAramco World
260 _bAramco Americas,
_c2021
300 _a40
520 _aFive Centuries of Jerusalem Soup, Milestones to Makkah and Madinah, Pakistani Art Trucks on a Bridge of Culture, The New York of Anthony Jansen Van Salee, Ginger.
700 1 _aDoughty Richard
_99493
942 _cCR
999 _c9482
_d9482